000 00519nam a2200181Ia 4500
003 IN-BaIIA
008 211028s9999 xx 000 0 eng d
040 _cIIA Library
080 _a530.1
_bCHA-2
100 _aChampion, F. C.
_93627
245 0 _aUniversity physics
_bheat, pt. 2
_cF. C. Champion
260 _aLondon
_bBlackie
_c1940
300 _a148p.
650 _aAstronomy and astrophysics thesaurus
650 _aHeat
_92417
650 _aPhysics
_973
942 _cBK
999 _c6183
_d6183